000 00392 a2200145 4500
999 _c2501
_d2501
020 _a9966219005
050 _aHM 701 BAT 2003
100 _aBate, Stuart C.
_eauthor
245 _aUnderstanding human society/
_cby Stuart C. Bate
264 _aNairobi:
_bPaulines Publications,
_c2003
300 _a127p.
500 _aIncludes index
650 _aHuman society
942 _2lcc
_cBK
_h701
_iBAT
_kHM